The encyclopaedic dictionary of environmental change / (Record no. 329343)
[ view plain ]
| 000 -LEADER | |
|---|---|
| fixed length control field | 01615cam a2200349 a 4500 |
| 001 - CONTROL NUMBER | |
| control field | 12686480 |
| 003 - CONTROL NUMBER IDENTIFIER | |
| control field | Nust |
| 005 - DATE AND TIME OF LATEST TRANSACTION | |
| control field | 20170503125836.0 |
| 008 - FIXED-LENGTH DATA ELEMENTS--GENERAL INFORMATION | |
| fixed length control field | 020222s2001 enkab e 001 0 eng |
| 010 ## - LIBRARY OF CONGRESS CONTROL NUMBER | |
| LC control number | 2002265840 |
| 015 ## - NATIONAL BIBLIOGRAPHY NUMBER | |
| National bibliography number | GBA0-X0039 |
| 020 ## - INTERNATIONAL STANDARD BOOK NUMBER | |
| International Standard Book Number | 0340809760 |
| 035 ## - SYSTEM CONTROL NUMBER | |
| System control number | (DLC) 2002265840 |
| 035 ## - SYSTEM CONTROL NUMBER | |
| System control number | (DLC)2440 |
| 035 ## - SYSTEM CONTROL NUMBER | |
| System control number | (OCoLC)ocm44652717 |
| 040 ## - CATALOGING SOURCE | |
| Original cataloging agency | UKM |
| Transcribing agency | UKM |
| Modifying agency | PSM |
| -- | DLC |
| 042 ## - AUTHENTICATION CODE | |
| Authentication code | lccopycat |
| 050 00 - LIBRARY OF CONGRESS CALL NUMBER | |
| Classification number | GE10 |
| Item number | .E534 2001 |
| 082 00 - DEWEY DECIMAL CLASSIFICATION NUMBER | |
| Classification number | 500 JOH |
| Edition number | 21 |
| 245 04 - TITLE STATEMENT | |
| Title | The encyclopaedic dictionary of environmental change / |
| Statement of responsibility, etc. | Edited by John A. Matthews ; [subject editing by] E. Michael Bridges ... [et al.]. |
| 260 ## - PUBLICATION, DISTRIBUTION, ETC. | |
| Place of publication, distribution, etc. | London : |
| Name of publisher, distributor, etc. | Arnold ; |
| Place of publication, distribution, etc. | New York : |
| Name of publisher, distributor, etc. | Oxford University Press, |
| Date of publication, distribution, etc. | 2003. |
| 300 ## - PHYSICAL DESCRIPTION | |
| Extent | xiii, 690 p. : |
| Other physical details | ill., maps. ; |
| Dimensions | 28 cm. |
| 500 ## - GENERAL NOTE | |
| General note | P.B |
| 504 ## - BIBLIOGRAPHY, ETC. NOTE | |
| Bibliography, etc. note | Includes bibliographical references and index. |
| 650 #0 - SUBJECT ADDED ENTRY--TOPICAL TERM | |
| Topical term or geographic name entry element | Environmental sciences |
| Form subdivision | Encyclopedias. |
| 650 #0 - SUBJECT ADDED ENTRY--TOPICAL TERM | |
| Topical term or geographic name entry element | Global environmental change |
| Form subdivision | Encyclopedias. |
| 700 1# - ADDED ENTRY--PERSONAL NAME | |
| Personal name | Matthews, John A. |
| Fuller form of name | (John Anthony), |
| Dates associated with a name | 1947- |
| 700 1# - ADDED ENTRY--PERSONAL NAME | |
| Personal name | Bridges, E. M. |
| Fuller form of name | (Edwin Michael) |
| 856 42 - ELECTRONIC LOCATION AND ACCESS | |
| Materials specified | Publisher description |
| Uniform Resource Identifier | <a href="http://www.loc.gov/catdir/enhancements/fy0639/2002265840-d.html">http://www.loc.gov/catdir/enhancements/fy0639/2002265840-d.html</a> |
| 906 ## - LOCAL DATA ELEMENT F, LDF (RLIN) | |
| a | 7 |
| b | cbc |
| c | copycat |
| d | 2 |
| e | ncip |
| f | 20 |
| g | y-gencatlg |
| 942 ## - ADDED ENTRY ELEMENTS (KOHA) | |
| Source of classification or shelving scheme | |
| Koha item type | Book |
| Call number prefix | 500 JOH |
| Withdrawn status | Lost status | Source of classification or shelving scheme | Damaged status | Not for loan | Collection code | Permanent Location | Current Location | Shelving location | Date acquired | Total Checkouts | Full call number | Barcode | Date last seen | Price effective from | Koha item type |
|---|---|---|---|---|---|---|---|---|---|---|---|---|---|---|---|
| Central Library (CL) | Central Library (CL) | General Stacks | 05/03/2017 | 500 JOH | IESE-786 | 05/03/2017 | 05/03/2017 | Book |
